Chiến lược cạnh tranh cho các doanh nghiệp vừa và nhỏ ở Việt Nam hiện nay

Αποθηκεύτηκε σε:
Λεπτομέρειες βιβλιογραφικής εγγραφής
Κύριος συγγραφέας: Phạm Thuý Hồng
Μορφή: Βιβλίο
Γλώσσα:Vietnamese
Έκδοση: Chính trị quốc gia 2004
Ετικέτες: Προσθήκη ετικέτας
Δεν υπάρχουν, Καταχωρήστε ετικέτα πρώτοι!
Thư viện lưu trữ: Mạng thư viện Đại học Đà Nẵng
LEADER 00705nam a2200253 4500
001 000020463
003 16909
005 20150319150310.0
008 150319s2004 viesd
020 |c 19000 
041 0 |a vie 
082 1 4 |a 338.604809597  |b PH-H 
100 1 |a Phạm Thuý Hồng 
245 1 0 |a Chiến lược cạnh tranh cho các doanh nghiệp vừa và nhỏ ở Việt Nam hiện nay  |c Phạm Thuý Hồng 
260 |b Chính trị quốc gia  |c 2004 
300 |a tr.  |c cm. 
OWN |a LSP 
999 |a From the UDN01 
TYP |a Monograph 
TYP |a Printed language 
980 |a Mạng thư viện Đại học Đà Nẵng